000 00988nam a2200217Ii 4500
003 JO-AjNU
008 230605s9999||||xx |||||||||||||| ||und||
017 _a1985/975
040 _aJO-AjNU
_bara
_erda
_cJO-AjNU
041 _aara
050 1 4 _aHC462.9 .A222 1985
100 3 _aالعبود،عبد الامير رحيمة,
_eauthor
_934525
245 0 0 _a اليابان : تجربة التطور، الواقع الراهن، العلاقات الاقتصادية مع الخليج العربي
264 3 1 _aالبصرة:جامعة البصرة،مركز دراسات الخليج العربي
300 _a94ص
336 _atext
_btxt
_2rdacontent
337 _aunmediated
_bn
_2rdamedia
338 _avolume
_bnc
_2rdacarrier
490 0 _aسلسلة الخليج العربي والعالم ؛ 1 
650 4 _aالعلاقات الاقتصادية الدولية ،دول الخليج العربية -علاقات اقتصادية خارجية- اليابان   
_934526
999 _aA14165
_c17733
_d17733